Missing Word: John Leguizamo Quiz Stats

 Plays Quiz not verified by Sporcle

Challenge
Share
Tweet
Embed
Score 0/16 Timer 03:00
0 Plays Today
Film Missing Word % Correct
*_____ Dolittle*Doctor
96.7%
_____ Rouge!Moulin
93.3%
Die _____ 2Hard
93.3%
Collateral _____Damage
90%
*Ice Age: _____ of the Dinosaurs*Dawn
73.3%
Love in the Time of _____Cholera
73.3%
*Ice Age: _____ Drift*Continental
66.7%
Miracle at _____ AnnaSt.
63.3%
Film Missing Word % Correct
_____ on Precinct 13Assault
63.3%
*Ice Age: The _____*Meltdown
53.3%
The _____ LawyerLincoln
50%
A Pyromaniac's Love _____Story
46.7%
One for the _____Money
40%
_____ God Left His ShoesWhere
40%
_____ WayCarlito's
33.3%
Nothing _____ the HolidaysLike
23.3%

You're not logged in!

Compare scores with friends on all Sporcle quizzes.
Join for Free
OR
Log In

You Might Also Like...

Show Comments

Extras

Top Quizzes Today


Score Distribution

Your Account Isn't Verified!

In order to create a playlist on Sporcle, you need to verify the email address you used during registration. Go to your Sporcle Settings to finish the process.

Report this User

Report this user for behavior that violates our Community Guidelines.

Details: